000
00285nam a22001337a 4500
008
170817b xxu||||| |||| 00| 0 eng d
020
_a
0534391206
041
_a
eng
080
_a
51
100
_a
36
101
_a
MAT
245
_a
INTERMEDIA ALGEBRA
_c
TUSSY.A.S
942
_2
udc
_c
BK
999
_c
23868
_d
23868